Đổi mới việc dạy học môn tự nhiên và xã hội ở tiểu học Sách bồi dưỡng thường xuyên chu kì 1997 - 2000 cho giáo viên tiểu học
Guardat en:
| Autor principal: | |
|---|---|
| Altres autors: | , |
| Format: | Llibre |
| Idioma: | Vietnamese |
| Publicat: |
Hà Nội
Giáo dục
1999
|
| Matèries: | |
| Etiquetes: |
Afegir etiqueta
Sense etiquetes, Sigues el primer a etiquetar aquest registre!
|
| Thư viện lưu trữ: | Trung tâm Học liệu Lê Vũ Hùng, Trường Đại học Đồng Tháp |
|---|
| LEADER | 00999aam a22002658a 4500 | ||
|---|---|---|---|
| 001 | 00041562 | ||
| 005 | 20180608130621.0 | ||
| 008 | 120328s2001 ||||||viesd | ||
| 020 | # | # | |c 5200 |
| 041 | 0 | # | |a vie |
| 082 | 1 | 4 | |a 372.3 |b Đ452M |
| 100 | 1 | # | |a Lê, Thu Dinh |
| 245 | 1 | 0 | |a Đổi mới việc dạy học môn tự nhiên và xã hội ở tiểu học |c Lê Thu Dinh, Bùi Phương Nga, Trịnh Quốc Thái |b Sách bồi dưỡng thường xuyên chu kì 1997 - 2000 cho giáo viên tiểu học |
| 260 | # | # | |a Hà Nội |b Giáo dục |c 1999 |
| 300 | # | # | |a 92 tr. |c 21 cm. |
| 653 | # | # | |a Giảng dạy |
| 653 | # | # | |a Đổi mới |
| 653 | # | # | |a Tự nhiên xã hội |
| 653 | # | # | |a Tiểu học |
| 653 | # | # | |a Phương pháp |
| 700 | 1 | # | |a Trịnh, Quốc Thái |
| 700 | 1 | # | |a Bùi, Phương Nga |
| 852 | # | # | |j KD.0023681 |
| 910 | |d 28/05/2018 | ||
| 980 | # | # | |a Trung tâm Học liệu Lê Vũ Hùng, Trường Đại học Đồng Tháp |